The home information pack (no. 2) regulations 2007 (Record no. 107200)
[ view plain ]
| 000 -LEADER | |
|---|---|
| fixed length control field | 01576cad a22002655a 4500 |
| 001 - CONTROL NUMBER | |
| control field | L138557 |
| 008 - FIXED-LENGTH DATA ELEMENTS--GENERAL INFORMATION | |
| fixed length control field | 070621s20070608xxk f g f000 0 eng d |
| 020 ## - INTERNATIONAL STANDARD BOOK NUMBER | |
| International Standard Book Number | 9780110773247 |
| 035 ## - SYSTEM CONTROL NUMBER | |
| System control number | (Sirsi) u138557 |
| 041 0# - LANGUAGE CODE | |
| Language code of text/sound track or separate title | eng |
| 050 04 - LIBRARY OF CONGRESS CALL NUMBER | |
| Classification number | 333.333 $2 18 |
| 110 1# - MAIN ENTRY--CORPORATE NAME | |
| Corporate name or jurisdiction name as entry element | United Kingdom |
| Form subheading | Laws, etc |
| 9 (RLIN) | 5044 |
| 245 04 - TITLE STATEMENT | |
| Title | The home information pack (no. 2) regulations 2007 |
| Medium | [electronic resource] |
| 490 #0 - SERIES STATEMENT | |
| Series statement | Statutory Instrument |
| Volume/sequential designation | 2007: 1667 |
| 520 ## - SUMMARY, ETC. | |
| Summary, etc. | Comes into force 2 July 2007. Prescribes the information and documents required and authorised to be included in HIPs. Specifies points in the selling process at which particular documents must be included in the pack. Contains regulations regarding the currency of documents, and occasions when they are required or authorised to be updated. Makes provision for the keeping of a register of HIPs. Provides exceptions and enforcements of the regulations. The duties to have a home information pack which complies with these regulations are found in sections 155 to 159 of the Housing Act 2004 ("the home information pack duties"). |
| 590 ## - LOCAL NOTE (RLIN) | |
| Local note | KA |
| 650 24 - SUBJECT ADDED ENTRY--TOPICAL TERM | |
| Topical term or geographic name entry element | HOME INFORMATION PACKS |
| 650 24 - SUBJECT ADDED ENTRY--TOPICAL TERM | |
| Topical term or geographic name entry element | HOUSING ACT 2004 PART V |
| 650 24 - SUBJECT ADDED ENTRY--TOPICAL TERM | |
| Topical term or geographic name entry element | RESIDENTIAL ENERGY PERFORMANCE CERTIFICATES |
| 650 24 - SUBJECT ADDED ENTRY--TOPICAL TERM | |
| Topical term or geographic name entry element | HOME INFORMATION PACK (NO.2) REGULATIONS 2007 |
| 651 #4 - SUBJECT ADDED ENTRY--GEOGRAPHIC NAME | |
| Geographic name | United Kingdom |
| Chronological subdivision | |
| 690 ## - LOCAL SUBJECT ADDED ENTRY--TOPICAL TERM (OCLC, RLIN) | |
| Topical term or geographic name as entry element | PROPERTY-RESIDENTIAL PROPERTY-ACQUISITION AND DISPOSAL OF RESIDENTIAL PROPERTY-HOME BUYING REFORM |
| 856 40 - ELECTRONIC LOCATION AND ACCESS | |
| Uniform Resource Identifier | <a href="https://www.opsi.gov.uk/si/si2007/20071667.htm">https://www.opsi.gov.uk/si/si2007/20071667.htm</a> |
| Public note | View the item free of charge at www.opsi.gov.uk... |
| 942 ## - ADDED ENTRY ELEMENTS (KOHA) | |
| Suppress in OPAC | 0 |
| Withdrawn status | Lost status | Source of classification or shelving scheme | Damaged status | Not for loan | Home library | Current library | Shelving location | Date acquired | Total Checkouts | Full call number | Barcode | Date last seen | Copy number | Price effective from | Koha item type |
|---|---|---|---|---|---|---|---|---|---|---|---|---|---|---|---|
| Dewey Decimal Classification | Virtual | Virtual | Online | 21/06/2007 | ONLINE PUBLICATION | 138557-1001 | 06/08/2019 | 1 | 06/08/2019 | Book |